000 01240nam a22002177a 4500
999 _c59836
_d59836
003 Ge_BSU
005 20230426145335.0
008 230426s2011ge xxu||||| |||| 00| 0 geo d
041 _ageo
080 _a39(=351)+94(479) რ-79
100 _aრომმელი, დიტრიხ-კრისტოფ ფონ, ავტორი
_917817
245 _aკავკასიის ხალხები /
_cდიტრიხ-კრისტოფ ფონ რომმელი ; [თარგმანი გერმ. ნ. გიოშვილის ; რედ. ლია მელიქიშვილი]
264 _aთბილისი,
_c 2011.
300 _a108 გვ. :
_b სურ. ;
_c20 სმ.
653 _aკავკასიის ხალხების ეთნოგრაფია.
653 _aკავკასიის ისტორია.
700 _a გიოშვილი, ნ
_eმთარგმნელი
_917818
700 _aმელიქიშვილი, ლია
_eრედაქტორი
_9159
710 _a საქ. მეცნ. ეროვნ. აკად., საქ. ისტ. წყაროების კომისია.
_917819
942 _2udc
_cBK